000 01087nam a2200229 u 4500
001 000244979
003 AM-YeHGA
005 20250618071634.0
008 030709s1990 ai |||||||||||||||||arm|c
040 _aAM-YeHGA
100 1 _aԵսայան, Զապել Մկրտչի,
_d1878-1941
_91885
245 1 0 _aՄուրատի ճամբորդութիւնը :
_b[Սվազէն Պաթում: (ուղեգրություն՝ ականատեսի վկայությամբ)] /
_cԶ. Եսայեան; Կազմ.՝ Ս.Ս. Գրիգորյան; Առաջաբ.՝ Ս.Մ. Սահակյան; Խմբ.՝ Մ.Է. Ճանճապանյան.
260 _aԵրևան :
_bNB-Պրես,
_c1990.
300 _a94 էջ ;
_c20 սմ.
600 1 4 _aՍեբաստացի Մուրադ (Մուրադ Խրիմյան)
650 1 4 _aՀայ գրականություն
_xԷսսե
650 1 4 _aՀայոց պատմություն
_d1915
_zՍեբաստիա
700 1 _aԳրիգորյան, Ս.Ս.
_eկազմ.
_4com
700 1 _aՍահակյան, Ս.Մ.
_eառաջաբ.
_4aui
700 1 _aՃանճապանյան, Մ.Է.
_eխմբ.
_4edt
090 _c88525
999 _c87241
_d87241